000 00639cab a2200241 4500
001 ABS37911
008 090401t1987 xxu||||| |||| 00| 0 eng d
035 _a(Sirsi) u7570
041 _aeng
100 _aWebb, C.
245 _aCrumble-Crete
260 _c1987
350 _a0
490 _aBuilding
_v252(7503) 3 July 1987, 52-53(2)
520 _aReports on how Bristol City Council is funding and repairing its PRC houses.
650 _aHOUSING DEFECTS ACT 1984
650 _aPARKINSON
650 _aPRC HOUSES
650 _aWOOLAWAY
690 _aBUILT ENVIRONMENT-BUILDING PATHOLOGY
942 _n0
948 _c04/03/1997
999 _c4592
_d4592